000 00370nam a2200121Ia 4500
008 220620s9999||||xx |||||||||||||| ||und||
100 _aGray, Sam
245 4 _aThe Many Faces of Appalachia
546 _aEnglish[eng]
650 _aSocial Science||Regional Studies
856 _uhttps://library.oapen.org/bitstream/20.500.12657/47750/1/external_content.pdf
942 _cEB
999 _c26263
_d26263